THE STORY-LIFE OF NAPOLEON /

Gorde:
Xehetasun bibliografikoak
Egile nagusia: Whipple, Wayne (autor)
Formatua: Liburua
Gaiak:
Etiketak: Etiketa erantsi
Etiketarik gabe, Izan zaitez lehena erregistro honi etiketa jartzen!

MARC

LEADER 00000nam^a2200000^a^4500
001 000242054
005 20250521000000.0
009 20260310105241.466
035 |a 064970 
037 |a Acervo Xavier Clavigero 
082 |a 944. 05 WHI 
100 |a Whipple, Wayne  |e (autor) 
245 1 4 |a THE STORY-LIFE OF NAPOLEON /  |c WAYNE WHIPPLE 
264 |a NEW YORK :  |b THE CENTURY CO.,  |c 1914 
300 |a 606 p. 
336 |a texto  |b txt  |2 rdacontenido 
337 |a sin mediación  |b n  |2 rdamedio 
338 |a volumen  |b nc  |2 rdasoporte 
649 |a XX 
650 |a Bonaparte, Napoleón, Emperador de Francia 
650 |a Francia -  |x Historia -  |y Consulado e Imperio, 1799-1815 
910 |a Fondo General 
920 |a Impresos - Libros 
930 |a Colección General 
905 |a 101 
901 |a 064970  |b IT1  |c ACC  |i 064970  |u 20250521 
902 |a https://opac.biblio.iteso.mx/vufind/Record/000242054